000 00659nam a2200193 a 4500
001 000046679
005 20201002053036.0
008 180316s2017 dr r 000 p spa d
020 _a9789945168334
040 _aDO-SdBNP
_bspa
_cBNPHU
082 _axxxx
_bT266L
100 1 _aTejada, Rafael Antonio
_97244
245 1 3 _aLa vida y los tiempos /
_cRafael Antonio Tejada.
260 _aSanto Domingo :
_bBúho,
_c2017.
300 _a80 p. ;
_c22 cm.
500 _aIncluye datos biográficos del autor en la solapa de la cubierta.
586 _aMención de Honor Funglode/ GFDD 2014 Premio de Novela "Federico García Godoy"
590 _aInventariado, 2018 /LP
999 _c46168
_d46168